LDR 01065naa#a2200205#i#450# 001 RU\\bibl\126647 005 20260703163528.5 011 ## _a2587-6740 100 ## _a20260615b2026####ek#y0rusy0150####ca 102 ## _aRU 200 1# _aСостояние растениеводства региона в условиях повышения рискованности производства _eЖурнальная статья 210 1# _aМосква _cЭлектронная наука _d2026 215 ## _a3 с. 608 ## _aЖурнальная статья _2local 675 ## _aЭкономика сельского хозяйства. Продовольственный комплекс. 338.43 _aРегиональная экономика. Территориальная экономика. 332.1 _z 700 #1 _aЗюкин _gДанил Алексеевич 700 #1 _aСвятова _gОльга Викторовна 700 #1 _aАлексеенко _gАлександр Иванович 700 #1 _aНоздрачева _gЕлена Николаевна 856 4# _aqje.su _u